Photocatalytic Mechanisms and Pathways of metronidazole Antibiotic in aqueous solutions over modified metal oxide catalysts: Doctoral Thesics- Major: Chemical and Material Engineering

Kaydedildi:
Detaylı Bibliyografya
Yazar: Trần, Mai Liên
Materyal Türü: Luận văn
Dil:Undetermined
Baskı/Yayın Bilgisi: Chang Gung University 2020
Konular:
Online Erişim:https://opac.iuh.edu.vn/TraCuuTaiLieuSo2XemChiTiet.aspx?Id=114622
Etiketler: Etiketle
Etiket eklenmemiş, İlk siz ekleyin!
Thư viện lưu trữ: Trung tâm Thư viện - Trường Đại học Công nghiệp TP. Hồ Chí Minh
LEADER 00750nam a2200169Ia 4500
001 UIH_02012
008 230809s9999 xx 000 0 und d
082 |a 660 
100 |a Trần, Mai Liên 
245 0 |a Photocatalytic Mechanisms and Pathways of metronidazole Antibiotic in aqueous solutions over modified metal oxide catalysts: Doctoral Thesics- Major: Chemical and Material Engineering 
245 0 |c Trần, Mai Liên 
260 |b Chang Gung University 
260 |c 2020 
650 |a Kỹ thuật hóa học;Luận án tiến sĩ; 
856 |u https://opac.iuh.edu.vn/TraCuuTaiLieuSo2XemChiTiet.aspx?Id=114622 
927 |a Luận văn 
980 |a Trung tâm Thư viện - Trường Đại học Công nghiệp TP. Hồ Chí Minh